Southville International School and Colleges
Your cart is empty.
  • Cart
  • Lists
    Public lists Eva Luna New books Lux_list list_1
    Your lists Log in to create your own lists
  • Log in to your account
  • Your cookies
  • Search history
Southville International School and Colleges
  • Advanced search
  • Recent comments
  • Most popular
  • Libraries

Log in to your account

Log in with GOOGLE


If you do not have an external account, but do have a local account, you can still log in:

  1. Home
  2. MARC view: Anna's special present /
Normal view MARC view ISBD view

Anna's special present / (Record no. 103099)

[ view plain ]
MARC details
000 -LEADER
fixed length control field 00704nam a2200193 a 4500
005 - DATE AND TIME OF LATEST TRANSACTION
control field 20140412111250.0
008 - FIXED-LENGTH DATA ELEMENTS--GENERAL INFORMATION
fixed length control field 030411s19uu xx 00 eng d
020 ## - INTERNATIONAL STANDARD BOOK NUMBER
International Standard Book Number 0-14-054219-1
050 ## - LIBRARY OF CONGRESS CALL NUMBER
Classification number TR(PS E
Item number An7 1990
100 ## - MAIN ENTRY--PERSONAL NAME
Personal name Tsutsui, Yoriko
245 ## - TITLE STATEMENT
Title Anna's special present /
Statement of responsibility, etc by Yoriko Tsutsui ; pictures by Akiko Hayashi.
260 ## - PUBLICATION, DISTRIBUTION, ETC. (IMPRINT)
Place of publication, distribution, etc New York :
Name of publisher, distributor, etc Puffin Books,
Date of publication, distribution, etc 1990.
300 ## - PHYSICAL DESCRIPTION
Extent 1 v. (unp.) ; ill.
520 ## - SUMMARY, ETC.
Summary, etc Anna hates it when her little sister Katy begs to play with her favorite doll; but, when Katy is sick in the hospital, Anna knows just right gift to cheer her.
650 ## - SUBJECT ADDED ENTRY--TOPICAL TERM
Topical term or geographic name as entry element Sisters--Fiction
650 ## - SUBJECT ADDED ENTRY--TOPICAL TERM
Topical term or geographic name as entry element Dolls--Fiction
650 ## - SUBJECT ADDED ENTRY--TOPICAL TERM
Topical term or geographic name as entry element Sickness--Fiction
Holdings
Withdrawn status Lost status Damaged status Use restrictions Home library Current library Shelving location Date acquired Source of acquisition Total Checkouts Full call number Barcode Date last seen Price effective from Koha item type
        Elizalde Library Elizalde Library Teachers Reference Section 04/11/2003     TR(PS E An7 1990 E3867 04/12/2014 04/12/2014 Books

Anna's special present /

APA

Tsutsui Y., . (1990). Anna's special present. New York: Puffin Books.

Chicago

Tsutsui Yoriko, . 1990. Anna's special present. New York: Puffin Books.

Harvard

Tsutsui Y., . (1990). Anna's special present. New York: Puffin Books.

MLA

Tsutsui Yoriko, . Anna's special present. New York: Puffin Books. 1990.

  • Place hold
  • Print
  • Cite
  • Add to your cart (remove)
  • Save record
    BIBTEX Dublin Core MARCXML MARC (non-Unicode/MARC-8) MARC (Unicode/UTF-8) MARC (Unicode/UTF-8, Standard) MODS (XML) RIS
  • More searches
    Search for this title in:
    Other Libraries (WorldCat) Other Databases (Google Scholar) Online Stores (Bookfinder.com) Open Library (openlibrary.org)

Exporting to Dublin Core...

SOUTHVILLE LIBRARY

Southville International School and Colleges Library

1281 Tropical Ave. Cor. Luxembourg St., BF Homes International, Las Pinas City

Tel. No. 8256374 / 252358 Loc. 117/146

Powered by Koha